01463nam a22003737a 4500001000700000003000900007005001700016007000300033008003600036020001900072040003000091082002900121100004300150245005200193250000600245260000600251264006400257300003100321336002700352337003500379338002900414490002300443500004400466500000600510590002600516650003000542650003200572910004000604942001200644952013600656952014000792952014000932999001701072000578DO-SdBPM20250711070527.0ta161020b2007 ck |||| 00| 0 spa d a9789962010395  aDO-SdBPMbspacBPMSUerda 4aP863.6 bF676s 20072 221 aFonseca Mora, Ramón, d1952-eautor 10aSoñar con la ciudad / cRamón Fonseca Mora. a  b  aSan José, Costa Rica : bSan José, Costa Rica : c2007. a233 páginas ; c21 cm.  atextobtxt2rdacontent asin mediación bn2rdamedia  avolumenbnc2rdacarrier 0 aAlfaguara juvenil. aIncluye datos biográficos del autor. a  aInventariado, 2025/VM 7aNovela juvenil panameña 7aCampesinos vNovela juvenil aVMateo V. Control de calidad BPMSU  2ddccBK 00102ddc708CJ-GaBPMETbBPMETd2016-10-20eALFAGUARAl0oBPMSU CJG P863.6 F676s 2007pBPMSU16100299r2016-10-20w2016-10-20yBK 00102ddc708CJ-GaBPMETbBPMETd2016-10-20eALFAGUARAl0oBPMSU CJG P863.6 F676s 2007pBPMSU16100300r2016-10-20te.2w2016-10-20yBK 00102ddc708CJ-GaBPMETbBPMETd2016-10-26eALFAGUARAl0oBPMSU CJG P863.6 F676s 2007pBPMSU16100382r2016-10-26te.3w2016-10-26yBK c11628d11628